000 00665nam a2200229Ia 4500
003 OSt
005 20220926021124.0
006 a|||||r|||| 00| 0
007 ta
008 220923b |||||||| |||| 00| 0 eng d
037 _cGeneral Book
040 _aRTL
_cRTL
_beng
041 _2eng
_aeng
082 _aV1N45 , 93 : 8 . N69, L2
110 _aUNITED NATION
_9274179
245 0 _aOfficial report of the General Assembly
_b 24th session
260 _aNew York
_bU.N
_c1972
300 _axii , 326p
_ccm.
700 _aUNITED NATION
_9274180
942 _hV1N45 , 93 : 8 . N69, L2
_cGB
_2CC
999 _c635850
_d635850